000 00485nam a22001817a 4500
005 20240909144117.0
008 240909b |||||||| |||| 00| 0 eng d
020 _a9789332549883
082 _a006.78
_bJAN-N
100 _aJang, J.S.R
245 _aNeuro Fuzzy and Soft Computing /
_cSun. C.T
260 _aIndia:
_bpearson;
_c2015.
300 _axiv, 614 p .:
_bill;
_c24 cm.
500 _ainclude index.
650 _aInformation technology
700 _aSun. C.T
999 _c36553
_d36553